[Event "Aegean op 46th"]
[Site "Aghios Kirykos"]
[Date "2023.07.16"]
[Round "9"]
[White "Knors, Rudi"]
[Black "Malataras, Gerasimos"]
[Result "0-1"]
[WhiteElo "2042"]
[BlackElo "1976"]
[PlyCount "58"]
[EventDate "2023.07.09"]
[EventType "swiss"]
[EventRounds "9"]
[EventCountry "GRE"]
[SourceTitle "CBM 215 Extra"]
[Source "ChessBase"]
[SourceDate "2023.09.30"]
[SourceVersion "1"]
[SourceVersionDate "2023.09.30"]
[SourceQuality "1"]

1. e4 e6 2. d4 d5 3. exd5 exd5 4. Nf3 Bd6 5. Bd3 Ne7 6. 0-0 0-0 7. Bg5 f6 8. Bh4 Bf5 9. Re1 Nbc6 10. c3 Qd7 11. Bg3 Rae8 12. Qc2 g5 13. Nbd2 g4 14. Bxd6 Bxd3 15. Qxd3 Qxd6 16. Nh4 f5 17. b4 Qf6 18. g3 Nd8 19. f4 Nf7 20. c4 Nd6 21. Re5 dxc4 22. Nxc4 Nc6 23. Nxd6 Qxd6 24. Nxf5 Nxe5 25. Nxd6 Nxd3 26. Nxe8 Rxe8 27. Rd1 Re1+ 28. Rxe1 Nxe1 29. Kf2 Nc2 0-1

[Event "Arco op 41st"]
[Site "Arco"]
[Date "2019.10.10"]
[Round "7"]
[White "Knors, Rudi"]
[Black "Oppici, Gabriele"]
[Result "1-0"]
[WhiteElo "2075"]
[BlackElo "1942"]
[PlyCount "53"]
[EventDate "2019.10.04"]
[EventType "swiss"]
[EventRounds "9"]
[EventCountry "ITA"]
[SourceTitle "EXT 2020"]
[Source "ChessBase"]
[SourceDate "2019.10.17"]
[SourceVersion "1"]
[SourceVersionDate "2019.10.17"]
[SourceQuality "1"]

1. e4 d6 2. d4 Nf6 3. Nc3 Nbd7 4. Nf3 e5 5. Bc4 Be7 6. 0-0 c6 7. a4 Qc7 8. h3 h6 9. Ba2 Nf8 10. Be3 g5 11. dxe5 dxe5 12. Nxe5 Qxe5 13. Bd4 Qf4 14. g3 Qc7 15. e5 Bxh3 16. exf6 Bd6 17. Re1+ Be6 18. Bxe6 Nxe6 19. Rxe6+ fxe6 20. f7+ Ke7 21. Bxh8 Rxh8 22. Ne4 Be5 23. Qh5 Kf8 24. Rd1 Kg7 25. Nc5 Qc8 26. Rd7 Kf6 27. Qg4 1-0

[Event "Arco op 41st"]
[Site "Arco"]
[Date "2019.10.09"]
[Round "6"]
[White "Kostov, Deyan Samuil"]
[Black "Knors, Rudi"]
[Result "1/2-1/2"]
[WhiteElo "1934"]
[BlackElo "2075"]
[PlyCount "61"]
[EventDate "2019.10.04"]
[EventType "swiss"]
[EventRounds "9"]
[EventCountry "ITA"]
[SourceTitle "EXT 2020"]
[Source "ChessBase"]
[SourceDate "2019.10.17"]
[SourceVersion "1"]
[SourceVersionDate "2019.10.17"]
[SourceQuality "1"]

1. d4 d5 2. Bf4 Nf6 3. e3 c5 4. Nc3 a6 5. dxc5 Nc6 6. Nf3 Bg4 7. Be2 e6 8. Na4 Ne4 9. c3 Nxc5 10. Nxc5 Bxc5 11. h3 Bh5 12. 0-0 0-0 13. a4 Bd6 14. Bxd6 Qxd6 15. e4 Rfd8 16. exd5 Qxd5 17. Qxd5 Rxd5 18. Rfd1 Rad8 19. Rxd5 Rxd5 20. Rd1 Rxd1+ 21. Bxd1 Kf8 22. Bc2 Bg6 23. Bxg6 hxg6 24. Kf1 Ke7 25. Ke2 Kd6 26. Kd3 e5 27. Nd2 f5 28. f3 Kd5 29. b3 b5 30. axb5 axb5 31. h4 1/2-1/2

[Event "Arco op 40th"]
[Site "Arco"]
[Date "2018.10.17"]
[Round "5"]
[White "Gasperoni, Claudio"]
[Black "Knors, Rudi"]
[Result "1/2-1/2"]
[WhiteElo "1751"]
[BlackElo "2091"]
[PlyCount "35"]
[EventDate "2018.10.13"]
[EventType "swiss"]
[EventRounds "9"]
[EventCountry "ITA"]
[SourceTitle "CBM 186 Extra"]
[Source "ChessBase"]
[SourceDate "2018.08.24"]
[SourceVersion "1"]
[SourceVersionDate "2018.08.24"]
[SourceQuality "1"]

1. d4 d5 2. Nf3 Nf6 3. c4 c6 4. e3 e6 5. b3 Nbd7 6. Bb2 Be7 7. Bd3 b6 8. 0-0 Bb7 9. Nbd2 c5 10. Ne5 Nxe5 11. dxe5 Nd7 12. cxd5 Bxd5 13. Qg4 g6 14. Be4 f5 15. exf6 Nxf6 16. Bxf6 Bxf6 17. Bxd5 Qxd5 18. Rad1 1/2-1/2

[Event "Arco op-A 39th"]
[Site "Arco"]
[Date "2017.10.14"]
[Round "8"]
[White "Wernet, Andreas"]
[Black "Knors, Rudi"]
[Result "0-1"]
[WhiteElo "2012"]
[BlackElo "2097"]
[PlyCount "66"]
[EventDate "2017.10.07"]
[EventType "swiss"]
[EventRounds "9"]
[EventCountry "ITA"]
[SourceTitle "CBM 181 Extra"]
[Source "ChessBase"]
[SourceDate "2017.12.12"]
[SourceVersion "1"]
[SourceVersionDate "2017.12.12"]
[SourceQuality "1"]

1. c4 c6 2. Nc3 d5 3. e3 Nf6 4. Nf3 e6 5. b3 Bd6 6. Bb2 Nbd7 7. Qc2 Qe7 8. d4 b6 9. Bd3 Bb7 10. 0-0 Rc8 11. Rae1 0-0 12. e4 dxe4 13. Nxe4 Bb4 14. Re2 h6 15. Ng3 Qd8 16. Rd1 Qc7 17. Ne5 Nxe5 18. dxe5 Nd7 19. Nh5 Rfd8 20. Re3 Bf8 21. Qc1 Kh8 22. Rde1 g6 23. Bb1 Bg7 24. Qc2 Nf8 25. Nf6 c5 26. h4 Bxf6 27. exf6 Qf4 28. g3 Qg4 29. Kh2 e5 30. Qc1 Kh7 31. Rxe5 Qf3 32. Rg1 Qxf2+ 33. Kh3 Rd2 0-1

[Event "Arco op-A 39th"]
[Site "Arco"]
[Date "2017.10.12"]
[Round "6"]
[White "Nazarenus, Moritz"]
[Black "Knors, Rudi"]
[Result "1-0"]
[WhiteElo "2241"]
[BlackElo "2097"]
[PlyCount "51"]
[EventDate "2017.10.07"]
[EventType "swiss"]
[EventRounds "9"]
[EventCountry "ITA"]
[SourceTitle "CBM 181 Extra"]
[Source "ChessBase"]
[SourceDate "2017.12.12"]
[SourceVersion "1"]
[SourceVersionDate "2017.12.12"]
[SourceQuality "1"]

1. d4 d5 2. c4 c6 3. Nf3 Nf6 4. Nc3 e6 5. e3 Nbd7 6. Qc2 Bd6 7. Bd3 dxc4 8. Bxc4 0-0 9. 0-0 e5 10. Rd1 Qe7 11. e4 h6 12. h3 Re8 13. Be3 b5 14. Bf1 b4 15. Ne2 c5 16. d5 Nb6 17. Ng3 Bd7 18. Ba6 Rab8 19. Nd2 Ba4 20. b3 Bd7 21. Rac1 Bc8 22. Bxc8 Rexc8 23. Nf5 Qd7 24. Nxd6 Qxd6 25. Bxc5 Qd7 26. Qb2 1-0

[Event "Arco op 38th"]
[Site "Arco"]
[Date "2016.10.11"]
[Round "4"]
[White "Tripi, Nicolo"]
[Black "Knors, Rudi"]
[Result "1-0"]
[WhiteElo "1976"]
[BlackElo "2114"]
[PlyCount "105"]
[EventDate "2016.10.08"]
[EventType "swiss"]
[EventRounds "9"]
[EventCountry "ITA"]
[SourceTitle "EXT 2017"]
[Source "ChessBase"]
[SourceDate "2016.10.25"]
[SourceVersion "1"]
[SourceVersionDate "2016.10.25"]
[SourceQuality "1"]

1. e4 c5 2. Nf3 e6 3. d4 cxd4 4. Nxd4 Nc6 5. Nc3 Qc7 6. g3 a6 7. Bg2 Nf6 8. 0-0 Be7 9. a4 0-0 10. Kh1 d6 11. Nxc6 bxc6 12. f4 Bb7 13. Be3 c5 14. a5 Bc6 15. Qe1 Qb7 16. Bc1 d5 17. e5 d4 18. Bxc6 Qxc6+ 19. Kg1 dxc3 20. exf6 Bxf6 21. bxc3 Rfd8 22. Be3 Qe4 23. Bxc5 Qxc2 24. Rc1 Qd3 25. Bb6 Rdc8 26. Qd1 Qb5 27. Rf3 Bd8 28. Rb1 Qc6 29. Rd3 Be7 30. Qf3 Rab8 31. Qxc6 Rxc6 32. Rbd1 h6 33. Kg2 Bf6 34. Kf3 Kh7 35. Rc1 Rbc8 36. Rd7 Kg6 37. c4 Rxc4 38. Rxc4 Rxc4 39. Ra7 Rc6 40. Rxa6 Bd4 41. Ke4 Bc5 42. g4 Bxb6 43. axb6 Rc4+ 44. Ke5 f6+ 45. Kd6 Rxf4 46. b7 Rb4 47. Kc7 Rxb7+ 48. Kxb7 Kg5 49. h3 h5 50. gxh5 f5 51. Rxe6 Kxh5 52. Kc6 f4 53. Kd5 1-0

[Event "Arco op 38th"]
[Site "Arco"]
[Date "2016.10.10"]
[Round "3"]
[White "Knors, Rudi"]
[Black "Simeone, Giulio"]
[Result "1/2-1/2"]
[WhiteElo "2114"]
[BlackElo "1948"]
[PlyCount "107"]
[EventDate "2016.10.08"]
[EventType "swiss"]
[EventRounds "9"]
[EventCountry "ITA"]
[SourceTitle "EXT 2017"]
[Source "ChessBase"]
[SourceDate "2016.10.25"]
[SourceVersion "1"]
[SourceVersionDate "2016.10.25"]
[SourceQuality "1"]

1. Nf3 d6 2. g3 e5 3. d3 g6 4. Bg2 Bg7 5. c4 Ne7 6. Nc3 0-0 7. 0-0 Nbc6 8. Bd2 Nd4 9. e3 Nxf3+ 10. Qxf3 c6 11. e4 f5 12. Qe2 f4 13. f3 Qb6+ 14. Qf2 Qxb2 15. c5 d5 16. a4 Qc2 17. Qe2 d4 18. Rfc1 Qb3 19. Nd1 g5 20. g4 Ng6 21. Be1 Qf7 22. h3 Be6 23. Nb2 Bf6 24. a5 a6 25. Nc4 Bxc4 26. Rxc4 h5 27. Qa2 hxg4 28. hxg4 Rad8 29. Rc2 Rd7 30. Bf1 Qxa2 31. Raxa2 Rff7 32. Rh2 Rh7 33. Be2 Rxh2 34. Kxh2 Be7 35. Rc2 Kg7 36. Bd1 Nf8 37. Bb4 Ne6 38. Rc1 Kf6 39. Bb3 Nf8 40. Be1 Ng6 41. Kg2 Bd8 42. Ra1 Rh7 43. Ra2 Ne7 44. Bb4 Nc8 45. Rc2 Na7 46. Rc1 Nb5 47. Rc2 Nc3 48. Rd2 Rd7 49. Rb2 Nb5 50. Rb1 Rh7 51. Rb2 Nc7 52. Rc2 Ne6 53. Bxe6 Kxe6 54. Rc1 1/2-1/2

[Event "Benidorm op U2300 14th"]
[Site "Benidorm"]
[Date "2015.11.28"]
[Round "1"]
[White "Garcia Jimenez, Francisco Javier"]
[Black "Knors, Rudi"]
[Result "1-0"]
[WhiteElo "2270"]
[BlackElo "2096"]
[PlyCount "75"]
[EventDate "2015.11.28"]
[EventType "swiss"]
[EventRounds "10"]
[EventCountry "ESP"]
[SourceTitle "CBM 169 Extra"]
[Source "ChessBase"]
[SourceDate "2015.12.18"]
[SourceVersion "1"]
[SourceVersionDate "2015.12.18"]
[SourceQuality "1"]

1. e4 c5 2. Nc3 e6 3. Nge2 Nc6 4. g3 Nf6 5. Bg2 a6 6. a4 Qc7 7. 0-0 d6 8. h3 Be7 9. d3 0-0 10. f4 Rb8 11. g4 b5 12. axb5 axb5 13. Ng3 Nd7 14. Nce2 Bb7 15. Be3 Ra8 16. Qd2 Rxa1 17. Rxa1 Ra8 18. Rxa8+ Bxa8 19. c3 Qa5 20. g5 b4 21. h4 Qa2 22. f5 Nce5 23. cxb4 Qb1+ 24. Nc1 c4 25. fxe6 fxe6 26. d4 Nd3 27. Kh2 Nxb2 28. Nce2 Nd3 29. Nf4 Nxf4 30. Bxf4 Qb3 31. d5 exd5 32. exd5 Qd3 33. Qe1 Ne5 34. Bxe5 Bxd5 35. Bxd5+ Qxd5 36. Bxg7 Qf7 37. Bd4 d5 38. Qe5 1-0

[Event "Arco op 37th"]
[Site "Arco"]
[Date "2015.10.18"]
[Round "9"]
[White "Knors, Rudi"]
[Black "Dappiano, Andrea"]
[Result "1/2-1/2"]
[WhiteElo "2092"]
[BlackElo "2249"]
[PlyCount "80"]
[EventDate "2015.10.10"]
[EventType "swiss"]
[EventRounds "9"]
[EventCountry "ITA"]
[SourceTitle "CBM 168 Extra"]
[Source "ChessBase"]
[SourceDate "2015.10.29"]
[SourceVersion "1"]
[SourceVersionDate "2015.10.29"]
[SourceQuality "1"]

1. d4 d6 2. e4 Nf6 3. Nc3 e5 4. Nf3 Nbd7 5. Bc4 Be7 6. 0-0 0-0 7. Re1 c6 8. a4 a5 9. Bg5 exd4 10. Qxd4 Nc5 11. Rad1 Be6 12. Bxf6 gxf6 13. Nh4 Nd7 14. Nf5 Bxf5 15. exf5 d5 16. Bxd5 cxd5 17. Nxd5 Bc5 18. Qh4 Re8 19. Rxe8+ Qxe8 20. Qg4+ Kf8 21. Nc7 Ne5 22. Qh5 Qc8 23. Qh6+ Kg8 24. Nxa8 Ng4 25. Qf4 h5 26. Rd2 Qxa8 27. Qc7 Qa7 28. Rd8+ Kg7 29. Qc8 Bxf2+ 30. Kh1 Nh6 31. Rh8 Qc5 32. Qxc5 Bxc5 33. Rd8 b6 34. Rd5 Ng4 35. g3 Ne3 36. Rd2 Nc4 37. Re2 Nxb2 38. Kg2 Nxa4 39. c4 Nc3 40. Rc2 Nd1 1/2-1/2

[Event "Arco op 37th"]
[Site "Arco"]
[Date "2015.10.10"]
[Round "1"]
[White "Knors, Rudi"]
[Black "Mittelbach, Eduard"]
[Result "1-0"]
[WhiteElo "2092"]
[BlackElo "1753"]
[PlyCount "95"]
[EventDate "2015.10.10"]
[EventType "swiss"]
[EventRounds "9"]
[EventCountry "ITA"]
[SourceTitle "CBM 168 Extra"]
[Source "ChessBase"]
[SourceDate "2015.10.29"]
[SourceVersion "1"]
[SourceVersionDate "2015.10.29"]
[SourceQuality "1"]

1. d4 Nf6 2. c4 e5 3. e3 exd4 4. exd4 Bb4+ 5. Nc3 Ne4 6. Qc2 0-0 7. Be3 Nxc3 8. bxc3 Ba5 9. Bd3 h6 10. Ne2 d5 11. 0-0 Be6 12. cxd5 Bxd5 13. c4 Be6 14. d5 Bd7 15. Qb2 Bc8 16. Bd4 f6 17. Qc2 f5 18. Nf4 Na6 19. a3 c6 20. Qb2 Bc7 21. Ng6 Qd6 22. Ne5 cxd5 23. cxd5 b6 24. Nf3 Bb7 25. Bc4 Bxd5 26. Bxd5+ Qxd5 27. Bxg7 Rf7 28. Rad1 Qe4 29. Rfe1 Qg4 30. Be5 Re8 31. Qb5 Rfe7 32. Qd5+ Kh7 33. Bxc7 Rxe1+ 34. Rxe1 Rxe1+ 35. Nxe1 Nxc7 36. Qf7+ Qg7 37. Qxf5+ Kh8 38. Nc2 Qc3 39. g3 Qc6 40. h4 Nb5 41. Kh2 Kg7 42. a4 Nd6 43. Qe5+ Kg6 44. Nd4 Qc5 45. Qe6+ Kh7 46. Qf6 a6 47. Ne6 Ne8 48. Qf7+ 1-0

[Event "Arco op 36th"]
[Site "Arco"]
[Date "2014.10.09"]
[Round "6"]
[White "Sprotte, Norbert"]
[Black "Knors, Rudi"]
[Result "1-0"]
[WhiteElo "2186"]
[BlackElo "2099"]
[PlyCount "73"]
[EventDate "2014.10.04"]
[EventType "swiss"]
[EventRounds "9"]
[EventCountry "ITA"]
[SourceTitle "CBM 162 Extra"]
[Source "ChessBase"]
[SourceDate "2014.10.17"]
[SourceVersion "1"]
[SourceVersionDate "2014.10.17"]
[SourceQuality "1"]

1. d4 d5 2. Nf3 Nf6 3. c4 c6 4. e3 e6 5. b3 Bd6 6. Bb2 0-0 7. Bd3 Nbd7 8. 0-0 Qe7 9. Ne5 Re8 10. Nd2 Nf8 11. f4 N6d7 12. e4 f6 13. Nxd7 Qxd7 14. e5 Be7 15. exf6 Bxf6 16. c5 Qc7 17. Qc2 a5 18. g3 g5 19. fxg5 Bxg5 20. Nf3 Bf6 21. Rae1 Qg7 22. Ne5 Bxe5 23. Rxe5 Bd7 24. Bc1 Re7 25. Bg5 Rf7 26. Rxf7 Qxf7 27. Bf4 Qf6 28. Qf2 Be8 29. Qe3 Bg6 30. Rg5 Kf7 31. Be5 Qe7 32. Rg4 Ke8 33. Bd6 Qg7 34. Bxf8 Kxf8 35. Bxg6 hxg6 36. Qxe6 Qf7 37. Rf4 1-0

[Event "Arco op 35th"]
[Site "Arco"]
[Date "2013.10.14"]
[Round "3"]
[White "Castagna, Celestino"]
[Black "Knors, Rudi"]
[Result "0-1"]
[WhiteElo "1742"]
[BlackElo "2100"]
[PlyCount "44"]
[EventDate "2013.10.12"]
[EventType "swiss"]
[EventRounds "9"]
[EventCountry "ITA"]
[SourceTitle "CBM 156 Extra"]
[Source "ChessBase"]
[SourceDate "2013.10.22"]
[SourceVersion "1"]
[SourceVersionDate "2013.10.22"]
[SourceQuality "1"]

1. c4 c6 2. Nc3 d5 3. cxd5 cxd5 4. d4 Nf6 5. Bg5 Nc6 6. e3 Qa5 7. Bxf6 exf6 8. a3 Be6 9. b4 Qd8 10. Bd3 Rc8 11. Nge2 Bd6 12. 0-0 0-0 13. Kh1 Re8 14. Rc1 a5 15. b5 Ne7 16. a4 b6 17. Nf4 Bxf4 18. exf4 Qd6 19. g3 Nf5 20. Bc2 Rxc3 21. Bxf5 Rxc1 22. Qxc1 Bxf5 0-1

[Event "Arco op 33rd"]
[Site "Arco"]
[Date "2011.10.30"]
[Round "9"]
[White "Qendro, Llambi"]
[Black "Knors, Rudi"]
[Result "1-0"]
[WhiteElo "2342"]
[BlackElo "2125"]
[PlyCount "66"]
[EventDate "2011.10.22"]
[EventType "swiss"]
[EventRounds "9"]
[EventCountry "ITA"]
[SourceTitle "EXT 2012"]
[Source "ChessBase"]
[SourceDate "2011.11.24"]
[SourceVersion "1"]
[SourceVersionDate "2011.11.24"]
[SourceQuality "1"]

1. d4 d5 2. c4 c6 3. cxd5 cxd5 4. Nf3 Nf6 5. Nc3 Nc6 6. Bf4 a6 7. Rc1 Bf5 8. e3 e6 9. Bd3 Bxd3 10. Qxd3 Be7 11. 0-0 0-0 12. Ne5 Nxe5 13. Bxe5 Qa5 14. Bxf6 Bxf6 15. Rc2 Rfd8 16. f4 b5 17. b3 Qb6 18. Rfc1 Qb7 19. Nd1 Rac8 20. Rc3 b4 21. R3c2 Rxc2 22. Qxc2 Qb5 23. Nb2 g6 24. Kf2 Kg7 25. Qc6 Rd7 26. Rc5 Qxc6 27. Rxc6 a5 28. Ke2 Bd8 29. Kd2 Rc7 30. Ra6 Rb7 31. Nd3 Rb5 32. Ra7 Bf6 33. Nc5 Bd8 1-0

[Event "Arco op 33rd"]
[Site "Arco"]
[Date "2011.10.27"]
[Round "6"]
[White "Knors, Rudi"]
[Black "Vezzosi, Paolo"]
[Result "1/2-1/2"]
[WhiteElo "2125"]
[BlackElo "2351"]
[PlyCount "65"]
[EventDate "2011.10.22"]
[EventType "swiss"]
[EventRounds "9"]
[EventCountry "ITA"]
[SourceTitle "EXT 2012"]
[Source "ChessBase"]
[SourceDate "2011.11.24"]
[SourceVersion "1"]
[SourceVersionDate "2011.11.24"]
[SourceQuality "1"]

1. d4 Nf6 2. c4 e6 3. Nf3 c5 4. g3 b6 5. Bg2 Bb7 6. dxc5 bxc5 7. 0-0 Be7 8. b3 0-0 9. Bb2 Qb6 10. Nbd2 Rd8 11. Qc2 Nc6 12. e3 d6 13. Bc3 a5 14. a3 Rab8 15. Rab1 h6 16. h4 Qa6 17. Ne1 Ne5 18. Bxb7 Rxb7 19. Nd3 Nxd3 20. Qxd3 d5 21. Bxf6 Bxf6 22. Qc2 Be7 23. e4 Rbd7 24. exd5 exd5 25. cxd5 Rxd5 26. Nc4 Bf6 27. Rfe1 Qa8 28. Nb6 Qc6 29. Nxd5 Rxd5 30. Rbd1 Bd4 31. Qe4 Qd6 32. Kg2 g6 33. a4 1/2-1/2

[Event "Arco op 33rd"]
[Site "Arco"]
[Date "2011.10.23"]
[Round "2"]
[White "Antoniacci, Ricardo"]
[Black "Knors, Rudi"]
[Result "0-1"]
[WhiteElo "1913"]
[BlackElo "2125"]
[PlyCount "94"]
[EventDate "2011.10.22"]
[EventType "swiss"]
[EventRounds "9"]
[EventCountry "ITA"]
[SourceTitle "EXT 2024"]
[Source "ChessBase"]
[SourceDate "2023.10.10"]
[SourceVersion "1"]
[SourceVersionDate "2023.10.10"]
[SourceQuality "1"]

1. d4 d5 2. c4 c6 3. Nf3 Nf6 4. Nc3 dxc4 5. g3 e6 6. Bg2 Be7 7. Ne5 0-0 8. Nxc4 Nbd7 9. Bg5 Nb6 10. Ne3 Nfd5 11. Bxe7 Qxe7 12. Nc2 Nc4 13. Nxd5 exd5 14. b3 Nd6 15. 0-0 Bf5 16. e3 Qf6 17. Ne1 Qg6 18. Nf3 Qh6 19. Ne5 f6 20. Nd3 Rfe8 21. Rc1 Re7 22. a4 a5 23. Nf4 g5 24. Ne2 Bh3 25. Nc3 Bxg2 26. Kxg2 Qg6 27. Qc2 f5 28. Rh1 Ne4 29. h4 Nxc3 30. Qxc3 f4 31. exf4 gxf4 32. Qf3 fxg3 33. Qxg3 Re4 34. Qxg6+ hxg6 35. Rcd1 Rf8 36. Kg3 Ref4 37. h5 Rf3+ 38. Kg4 Kg7 39. h6+ Kh7 40. Rde1 Rxf2 41. Re7+ R8f7 42. Rhe1 Kxh6 43. Re8 R2f4+ 44. Kg3 Rxd4 45. Rh1+ Kg5 46. Re5+ Rf5 47. Re3 Rg4+ 0-1